| 000 | 00721nam a22002297a 4500 | ||
|---|---|---|---|
| 003 | OSt | ||
| 005 | 20251023064106.0 | ||
| 008 | 250930b |||||||| |||| 00| 0 eng d | ||
| 020 | _a13: 978-007711422-0. | ||
| 040 |
_aDWCL-Main lib _cOC |
||
| 082 | _aCirc. 658.8 H343r 2008 | ||
| 100 | _aHarwood, Tracy | ||
| 245 |
_aRelationship marketing : _bperspectives, dimensions and context |
||
| 260 |
_aLondon : _bMcGraw-Hill Education, _cc2008. |
||
| 300 |
_axxii, 242 pages : _billustration ; _c25 cm. |
||
| 504 | _aIncludes bibliographical references and index. | ||
| 650 | _21. Marketing. | ||
| 650 | _22. Relations marketing. | ||
| 700 | _aGarry, Tony | ||
| 710 | _aBroderick, Anne | ||
| 942 |
_2ddc _cBK-CIRC _kCirc. _n0 |
||
| 999 |
_c4573 _d4573 |
||